Control público para una mejor democracia.
Պահպանված է:
| Համատեղ հեղինակ: | |
|---|---|
| Ձևաչափ: | Գիրք |
| Հրապարակվել է: |
Santiago, Chile:
Contraloría General de la República de Chile,
2022.
|
| Հրատարակություն: | Segunda publicación. |
| Խորագրեր: | |
| Ցուցիչներ: |
Ավելացրեք ցուցիչ
Չկան պիտակներ, Եղեք առաջինը, ով նշում է այս գրառումը!
|
MARC
| LEADER | 00000nam a22000007a 4500 | ||
|---|---|---|---|
| 003 | CL-VaPUC | ||
| 005 | 20240508161026.0 | ||
| 008 | 240424t2022 ||||| |||| 00| 0 eng d | ||
| 999 | |c 443611 |d 443609 | ||
| 020 | |a 978-956-372-075-4 | ||
| 040 | |c Pontificia Universidad Católica de Valparaíso | ||
| 082 | 7 | |2 22 |a 342.0664 CON 2022 | |
| 110 | 1 | |a Contraloría General de la República de Chile. |9 888546 | |
| 245 | |a Control público para una mejor democracia. | ||
| 250 | |a Segunda publicación. | ||
| 260 | |a Santiago, Chile: |b Contraloría General de la República de Chile, |c 2022. | ||
| 300 | |a 69 páginas. | ||
| 500 | |a c.1.Donación Profesor Ricardo Iglesias S. (Director). MEMO HIS/006- 11-4-2024. | ||
| 583 | |c 20240424 |k GC | ||
| 610 | 0 | |9 888546 |a Contraloría General de la República de Chile. |v Fiscalización |v Corrupción judicial |v COVID-19 |v Democracia | |
| 648 | |z Fuerzas armadas |9 888720 | ||
| 650 | 0 | |9 257403 |a Fiscalización |v Fuerzas armadas |v Gobierno Digital |v Responsabilidad del Estado |v Corrupción judicial |z Chile | |
| 942 | |2 ddc |c BK | ||
| 952 | |0 0 |1 0 |2 ddc |4 0 |6 342_066400000000000_CON_2022 |7 0 |8 A |9 594216 |a BIBHIS |b BIBHIS |d 2024-04-24 |e Donación |i 5660871 |o 342.0664 CON 2022 |p 5660871 |r 2025-01-20 |t 1 |w 2024-04-24 |y BK |k HIS | ||